00598nam a22001817a 45000050016000000100017000160200025000330350017000580370019000750820011000941000023001052450095001282600032002232700067002553000030003224900043003527000021003952011121400300.0 aB-468802-807 a9788179932414c75.00 aB-468802-807 aBlue Berry/Ven a599.67 aMukherjee, Vijita  aLife cycle of an elephant :cby Vijita Mukherjee; edited by Anupama Jauhrybgrow with me / aNew DelhibTeri Pressc2011 aDarbari Seth Block, IHC Complex, Lodhi RoadbNew Delhie110003 a16p.bcol.illc23cm(pbk)  aCircle of life; edited by Arshi Ahmad  a Jauhry, Anupama